000
00325nam a22001457a 4500
008
210302b ||||| |||| 00| 0 eng d
020
_a
9780632008773
041
_a
eng
080
_a
617
082
_a
617
100
_a
6
101
_a
ANE
245
_a
Practical Regional Anaesthesia
_c
Henderson, J. J
942
_2
udc
_c
BK
999
_c
55504
_d
55504